000 00338nam a2200145Ia 4500
005 20250522021421.0
008 240331s9999 xx 000 0 und d
082 _bBAL
_a302
100 _aBala,A
245 0 _aUlaga cinema varalaru
260 _aChennai
_bK.K. Books Pvt. Ltd
_c2007
300 _a174 p .,
650 _aCinema
942 _cL
999 _c4703
_d4703